000 00458nam a2200121Ia 4500
008 220615s9999||||xx |||||||||||||| ||und||
100 _aJohnston Laing, Ellen
245 0 _aChinese Paintings in Chinese Publications, 1956–1968
_bAn Annotated Bibliography and Index to the Paintings
546 _aEnglish[eng]
650 _aSociology and anthropology
856 _uhttps://library.oapen.org/bitstream/20.500.12657/41816/1/9780472901852.pdf
942 _cEB
999 _c10550
_d10550